Statistics for Friends quiz

Click here to take the quiz!

General Stats

  • This quiz has been taken 225 times
  • The average score is 22 of 31

Answer Stats

Answer% Correct
Chandler
100%
Chandler [the girl triplet]
100%
Joey
100%
Monica
100%
Rachel
100%
Ross
100%
Phoebe
98%
Jack
90%
Frank
88%
Gunther
88%
Judy
88%
Janice
84%
Richard
84%
Carol
83%
Susan
82%
Ben
80%
Mike
80%
Emily
72%
Frank Jr. Jr.
66%
Leslie
64%
Alice
58%
Ursula
58%
Julie
49%
Tag
46%
Mona
43%
Paul
39%
Mr. Heckles
37%
Paolo
37%
Estelle
32%
Eddie
26%
Mr. Treegar
2%

Score Distribution

Percentile by Number Answered

Percent of People with Each Score

Your Score History

You have not taken this quiz